|
|
|
|
| LEADER |
00000cam a22000004a 4500 |
| 001 |
musev2_71291 |
| 003 |
MdBmJHUP |
| 005 |
20230905051338.0 |
| 006 |
m o d |
| 007 |
cr||||||||nn|n |
| 008 |
180531t20182018ncu o 00 0 eng d |
| 010 |
|
|
|z 2018026377
|
| 020 |
|
|
|a 9781478002291
|
| 020 |
|
|
|z 9781478000839
|
| 020 |
|
|
|z 9781478000624
|
| 035 |
|
|
|a (OCoLC)1140727759
|
| 040 |
|
|
|a MdBmJHUP
|c MdBmJHUP
|
| 100 |
1 |
|
|a Saranillio, Dean Itsuji,
|d 1979-
|e author.
|
| 245 |
1 |
0 |
|a Unsustainable Empire :
|b Alternative Histories of Hawai'i Statehood /
|c Dean Itsuji Saranillio.
|
| 264 |
|
1 |
|a Durham :
|b Duke University Press,
|c 2018.
|
| 264 |
|
3 |
|a Baltimore, Md. :
|b Project MUSE,
|c 2020
|
| 264 |
|
4 |
|c ©2018.
|
| 300 |
|
|
|a 1 online resource (308 pages):
|b illustrations
|
| 336 |
|
|
|a text
|b txt
|2 rdacontent
|
| 337 |
|
|
|a computer
|b c
|2 rdamedia
|
| 338 |
|
|
|a online resource
|b cr
|2 rdacarrier
|
| 505 |
0 |
|
|a Preface : "statehood sucks" -- Introduction : Colliding futures of Hawaiʻi statehood -- A future wish : Hawaiʻi at the 1893 Chicago World's Columbian Exposition -- The courage to speak : disrupting haole hegemony at the 1937 congressional statehood hearings -- "Something indefinable would be lost" : the unruly Kamokila and Go for broke! -- The propaganda of occupation : statehood and the Cold War -- Alternative futures beyond the settler state -- Conclusion : Scenes of resurgence : slow violence and slow resistance.
|
| 520 |
|
|
|a In Unsustainable Empire Dean Itsuji Saranillio offers a bold challenge to conventional understandings of Hawaii's admission as a U.S. state. Hawaii statehood is popularly remembered as a civil rights victory against racist claims that Hawaii was undeserving of statehood because it was a largely non-white territory. Yet Native Hawaiian opposition to statehood has been all but forgotten. Saranillio tracks these disparate stories by marshaling a variety of unexpected genres and archives: exhibits at world's fairs, political cartoons, propaganda films, a multimillion-dollar hoax on Hawaii's tourism industry, water struggles, and stories of hauntings, among others. Saranillio shows that statehood was neither the expansion of U.S. democracy nor a strong nation swallowing a weak and feeble island nation, but the result of a U.S. nation whose economy was unsustainable without enacting a more aggressive policy of imperialism. With clarity and persuasive force about historically and ethically complex issues, Unsustainable Empire provides a more complicated understanding of Hawaii's admission as the fiftieth state and why Native Hawaiian place-based alternatives to U.S. empire are urgently needed.
|
| 588 |
|
|
|a Description based on print version record.
|
| 651 |
|
7 |
|a Hawaii.
|2 fast
|0 (OCoLC)fst01208724
|
| 651 |
|
6 |
|a Hawaii
|x Histoire
|y 1959-
|
| 651 |
|
6 |
|a Hawaii
|x Histoire
|y 1900-1959.
|
| 651 |
|
6 |
|a Hawaii
|x Politique et gouvernement
|y 1959-
|
| 651 |
|
6 |
|a Hawaii
|x Politique et gouvernement
|y 1900-1959.
|
| 651 |
|
0 |
|a Hawaii
|x History
|y 1959-
|
| 651 |
|
0 |
|a Hawaii
|x History
|y 1900-1959.
|
| 651 |
|
0 |
|a Hawaii
|x Politics and government
|y 1959-
|
| 651 |
|
0 |
|a Hawaii
|x Politics and government
|y 1900-1959.
|
| 650 |
|
7 |
|a Statehood (American politics)
|2 fast
|0 (OCoLC)fst01131972
|
| 650 |
|
7 |
|a Politics and government.
|2 fast
|0 (OCoLC)fst01919741
|
| 650 |
|
7 |
|a Hawaiians
|x Political activity.
|2 fast
|0 (OCoLC)fst00952068
|
| 650 |
|
7 |
|a SOCIAL SCIENCE
|x Ethnic Studies
|x Asian American Studies.
|2 bisacsh
|
| 650 |
|
7 |
|a HISTORY
|x Oceania.
|2 bisacsh
|
| 650 |
|
6 |
|a Statehood (Politique americaine)
|
| 650 |
|
0 |
|a Hawaiians
|x Political activity.
|
| 650 |
|
0 |
|a Statehood (American politics)
|
| 655 |
|
7 |
|a History.
|2 fast
|0 (OCoLC)fst01411628
|
| 655 |
|
7 |
|a Electronic books.
|2 local
|
| 710 |
2 |
|
|a Project Muse.
|e distributor
|
| 830 |
|
0 |
|a Book collections on Project MUSE.
|
| 856 |
4 |
0 |
|z Texto completo
|u https://projectmuse.uam.elogim.com/book/71291/
|
| 945 |
|
|
|a Project MUSE - Custom Collection
|